Gaming Quiz

Random Gaming or Marvel Quiz

Marvel DC villains Quiz Stats

 Plays Quiz not verified by Sporcle

Support Sporcle.
Go Orange.
Score 0/43 Timer 20:00
0 Plays Today
% Correct
Joker
88.6%
lex luthor
62.3%
Magneto
58.5%
Penguin
58.1%
Catwoman
55.5%
riddler
55.5%
Two-Face
48.7%
Poison Ivy
47%
Bane
45.3%
Venom
43.2%
Harley Quinn
40.3%
mr Freeze
39.8%
Darkseid
36.4%
Scarecrow
34.7%
Doctor Doom
33.1%
Killer Croc
32.6%
killer croc
32.6%
Doctor Octopus
27.5%
Galactus
27.5%
Mystique
27.1%
Clayface
25.8%
Sabretooth
25.8%
% Correct
Carnage
24.2%
Kingpin
23.3%
Bizarro
21.6%
Juggernaut
19.1%
Toad
15.7%
Vulture
14.4%
Man-Bat
11.4%
Bullseye
10.6%
Scorpio
10.6%
Shocker
10.2%
Mysterio
9.7%
Killer Moth
6.8%
Cyborg Superman
5.5%
Cat-Man
4.2%
silver surfer
3.8%
Blizzard
1.3%
Clock King
1.3%
Mad HatterMan-Bat
1.3%
Bizarro Supergirl
0%
Calender Man
0%
The Dummy
0%

You're not logged in!

Compare scores with friends on all Sporcle quizzes.
OR
Log In

From the Vault

Find The Favorite Things

by smithy3311

These are just a few of our favorite things.
Remove Ads.
Support Sporcle.
Get the best of Sporcle when you Go Orange. This ad-free experience offers more features, more stats, and more fun while also helping to support Sporcle. Thank you for becoming a member.

Show Comments

Extras

Created Mar 2, 2011ReportNominate
Tags:Marvel Quiz, Villains

Top Quizzes Today


Score Distribution

Your Account Isn't Verified!

In order to create a playlist on Sporcle, you need to verify the email address you used during registration. Go to your Sporcle Settings to finish the process.

Report this User

Report this user for behavior that violates our Community Guidelines.

Details: